Sports Quiz

Random Sports or Football Quiz

Past 5 Opening Day Quarterbacks Quiz Stats

 Plays Quiz Updated Sep 11, 2018

Also try: NFL Teams
Challenge
Share
Tweet
Embed
Score 0/160 Timer 07:00
3 Plays Today
Year Team % Correct
New England PatriotsTom Brady
99.4%
New England PatriotsTom Brady
99.4%
New England PatriotsTom Brady
99.4%
New England PatriotsTom Brady
99.4%
Denver BroncosPeyton Manning
97.1%
Denver BroncosPeyton Manning
97.1%
New York GiantsEli Manning
97%
New York GiantsEli Manning
97%
New York GiantsEli Manning
97%
New York GiantsEli Manning
97%
New York GiantsEli Manning
97%
Denver BroncosCase Keenum
96.2%
Kansas City ChiefsAlex Smith
94.6%
Kansas City ChiefsAlex Smith
94.6%
Kansas City ChiefsAlex Smith
94.6%
Green Bay PackersAaron Rodgers
94.6%
Green Bay PackersAaron Rodgers
94.6%
Green Bay PackersAaron Rodgers
94.6%
Green Bay PackersAaron Rodgers
94.6%
Green Bay PackersAaron Rodgers
94.6%
Baltimore RavensJoe Flacco
94.4%
Baltimore RavensJoe Flacco
94.4%
Baltimore RavensJoe Flacco
94.4%
Baltimore RavensJoe Flacco
94.4%
Baltimore RavensJoe Flacco
94.4%
Indianapolis ColtsAndrew Luck
94.3%
Indianapolis ColtsAndrew Luck
94.3%
Indianapolis ColtsAndrew Luck
94.3%
Indianapolis ColtsAndrew Luck
94.3%
Dallas CowboysTony Romo
94%
Dallas CowboysTony Romo
94%
Dallas CowboysDak Prescott
94%
New York JetsGeno Smith
94%
Kansas City ChiefsPatrick Mahomes
93.9%
New Orleans SaintsDrew Brees
93.5%
New Orleans SaintsDrew Brees
93.5%
New Orleans SaintsDrew Brees
93.5%
New Orleans SaintsDrew Brees
93.5%
New Orleans SaintsDrew Brees
93.5%
Dallas CowboysDak Prescott
93.3%
Atlanta FalconsMatt Ryan
93.2%
Atlanta FalconsMatt Ryan
93.2%
Atlanta FalconsMatt Ryan
93.2%
Atlanta FalconsMatt Ryan
93.2%
Atlanta FalconsMatt Ryan
93.2%
New York JetsSam Darnold
93.2%
San Diego ChargersPhilip Rivers
92.8%
San Diego ChargersPhilip Rivers
92.8%
San Diego ChargersPhilip Rivers
92.8%
San Diego ChargersPhilip Rivers
92.8%
San Diego ChargersPhilip Rivers
92.8%
Carolina PanthersCam Newton
92.8%
Carolina PanthersCam Newton
92.8%
Carolina PanthersCam Newton
92.8%
Year Team % Correct
Carolina PanthersCam Newton
92.8%
Seattle SeahawksRussell Wilson
91.6%
Seattle SeahawksRussell Wilson
91.6%
Seattle SeahawksRussell Wilson
91.6%
Seattle SeahawksRussell Wilson
91.6%
Seattle SeahawksRussell Wilson
91.6%
Detroit LionsMatthew Stafford
91.6%
Detroit LionsMatthew Stafford
91.6%
Detroit LionsMatthew Stafford
91.6%
Detroit LionsMatthew Stafford
91.6%
Detroit LionsMatthew Stafford
91.6%
Cincinnati BengalsAndy Dalton
91.5%
Cincinnati BengalsAndy Dalton
91.4%
Cincinnati BengalsAndy Dalton
91.4%
Cincinnati BengalsAndy Dalton
91.4%
Cincinnati BengalsAndy Dalton
91.4%
Oakland RaidersDerek Carr
91%
Oakland RaidersDerek Carr
91%
Chicago BearsJay Cutler
90.7%
Chicago BearsJay Cutler
90.7%
Chicago BearsJay Cutler
90.7%
Oakland RaidersDerek Carr
90.6%
Pittsburgh SteelersBen Roethlisberger
90.4%
Pittsburgh SteelersBen Roethlisberger
90.4%
Pittsburgh SteelersBen Roethlisberger
90.4%
Pittsburgh SteelersBen Roethlisberger
90.4%
Pittsburgh SteelersBen Roethlisberger
90.4%
Chicago BearsMitch Trubisky
90.3%
Arizona CardinalsCarson Palmer
89.5%
Arizona CardinalsCarson Palmer
89.5%
Arizona CardinalsCarson Palmer
89.5%
Arizona CardinalsSam Bradford
89.5%
Washington RedskinsKirk Cousins
87.9%
Miami DolphinsJay Cutler
87.6%
Dallas CowboysDak Prescott
86.6%
Miami DolphinsRyan Tannehill
86%
Miami DolphinsRyan Tannehill
86%
Miami DolphinsRyan Tannehill
86%
Miami DolphinsRyan Tannehill
86%
Washington RedskinsAlex Smith
85.8%
Tennessee TitansMarcus Mariota
85.7%
Tennessee TitansMarcus Mariota
85.7%
Washington RedskinsKirk Cousins
85.3%
Washington RedskinsKirk Cousins
85.3%
Buffalo BillsTyrod Taylor
84.9%
Cleveland BrownsRobert Griffin
84.4%
Washington RedskinsRobert Griffin
84.4%
Denver BroncosTrevor Siemian
83.4%
Jacksonville JaguarsBlake Bortles
83.2%
Jacksonville JaguarsBlake Bortles
83.2%
Tampa Bay BuccaneersJameis Winston
83.1%
Tampa Bay BuccaneersJameis Winston
83.1%
San Francisco 49ersBrian Hoyer
82.4%
Buffalo BillsTyrod Taylor
82.4%
Year Team % Correct
Buffalo BillsTyrod Taylor
82.3%
Los Angeles RamsJared Goff
82%
Philadelphia EaglesSam Bradford
81.9%
San Francisco 49ersJimmy Garoppolo
81.7%
San Francisco 49ersColin Kaepernick
81.5%
San Francisco 49ersColin Kaepernick
81.5%
Minnesota VikingsTeddy Bridgewater
81.3%
New York JetsRyan Fitzpatrick
80.8%
New York JetsRyan Fitzpatrick
80.8%
Houston TexansRyan Fitzpatrick
80.8%
Los Angeles RamsJared Goff
80.3%
Chicago BearsMike Glennon
77.8%
Philadelphia EaglesCarson Wentz
77.5%
Philadelphia EaglesCarson Wentz
74.5%
Indianapolis ColtsScott Tolzien
74.4%
New York JetsJosh McCown
69.7%
Jacksonville JaguarsBlake Bortles
67.4%
Philadelphia EaglesNick Foles
66.1%
Houston TexansBrock Osweiler
65.7%
Philadelphia EaglesNick Foles
62.3%
Los Angeles RamsNick Foles
62.3%
New England PatriotsJimmy Garoppolo
61.1%
Houston TexansDeshaun Watson
60.9%
Houston TexansTom Savage
59.8%
Kansas City ChiefsAlex Smith
59%
Buffalo BillsNathan Peterman
58.8%
Jacksonville JaguarsBlake Bortles
57.6%
Buffalo BillsE.J. Manuel
57.3%
Tennessee TitansMarcus Mariota
57.2%
Tampa Bay BuccaneersJosh McCown
55.8%
Cleveland BrownsJosh McCown
55.8%
San Francisco 49ersBlaine Gabbert
54.9%
Minnesota VikingsSam Bradford
54.7%
Tampa Bay BuccaneersJameis Winston
53.8%
Cleveland BrownsBrian Hoyer
49.5%
Houston TexansBrian Hoyer
49.5%
Carolina PanthersDerek Anderson
47.8%
Denver BroncosTrevor Siemian
45.8%
Los Angeles RamsCase Keenum
44%
Tennessee TitansMarcus Mariota
43%
Arizona CardinalsCarson Palmer
40.9%
Tampa Bay BuccaneersRyan Fitzpatrick
40.7%
Minnesota VikingsKirk Cousins
40.6%
Jacksonville JaguarsChad Henne
40.5%
Cleveland BrownsDeShone Kizer
40.3%
Tennessee TitansJake Locker
39.8%
Minnesota VikingsMatt Cassel
37.5%
Cleveland BrownsTyrod Taylor
31.9%
Minnesota VikingsShaun Hill
28.7%
Los Angeles RamsShaun Hill
28.7%
Oakland RaidersDerek Carr
27%
Oakland RaidersMatt McGloin
24.5%

You're not logged in!

Compare scores with friends on all Sporcle quizzes.
OR
Log In

You Might Also Like...

Show Comments

Extras

Top Quizzes Today


Score Distribution

Your Account Isn't Verified!

In order to create a playlist on Sporcle, you need to verify the email address you used during registration. Go to your Sporcle Settings to finish the process.

Report this User

Report this user for behavior that violates our Community Guidelines.

Details: